| 000 | 01497nab a2200241 i 4500 | ||
|---|---|---|---|
| 001 | 768714001 | ||
| 003 | CO-MdFUSB | ||
| 005 | 20240516122713.0 | ||
| 008 | 240516t1971 sp ||||| |||| 00| 0 spa d | ||
| 040 |
_bspa _cCO-MdFUSB _dCO-MdFUSB |
||
| 041 | _aspa | ||
| 100 |
_aHasenhüttl, Gotthold, _eautor |
||
| 245 |
_aDiálogo entre el teólogo y el exégeta _c/ Gotthold Hasenhüttl ; traducido por A. Galán Ipiña |
||
| 520 | _aLa dogmática se basa en la exégesis, ya que a todas luces quiere edificar sobre ella. Pero aunque ningún teólogo, apoyándose en su disciplina, haya querido denunciar errores en la Sagrada Escritura, sin embargo, la teología dogmática ha pretendido frecuentemente ser para la exégesis norma directiva, de modo que, en vez de dialogar con ella, ha exigido autoritariamente una exégesis determinada: lo creído «explícitamente» había que encontrarlo de alguna manera «implícito» en la Escritura. Con ello cayeron la dogmática y la exégesis en una situación tan precaria que se vieron amenazadas de perder todo crédito. | ||
| 650 | 0 |
_aBiblia _916 |
|
| 650 | 7 |
_aHermenéutica bíblica _97333 |
|
| 650 | 7 |
_aApologética _9187 |
|
| 653 | _aMensaje cristiano | ||
| 700 |
_aGalán Ipiña, A., _etraductor |
||
| 773 | 0 |
_049450 _982637 _oR2560 _tRevista internacional de teología Concilium _w(CO-MdFUSB)8 _x0210-1041 _gNúmero 70, (diciembre, 1971), páginas: 477 - 484 _qpágina: 477 |
|
| 942 | _cANA | ||
| 945 | _aCatherine Arias Alvarez - Practicante SENA | ||
| 999 |
_c69744 _d69744 |
||